| 000 | 01025nam a22002537a 4500 | ||
|---|---|---|---|
| 003 | 0 | ||
| 005 | 20250211151115.0 | ||
| 008 | 250211b xxu||||| |||| 00| 0 eng d | ||
| 050 |
_aBF 637.C45 _b.R45 2023 |
||
| 100 | _aCaoyonan, Lindsay Corinne C. | ||
| 245 |
_aThe relationship between perceived caring behaviors and patient satisfaction on telehealth encounters within the Philippine context. _cLindsay Corinne C. and four others. |
||
| 260 |
_aLas Pinas City _bSouthville International School and Colleges _c2023 |
||
| 300 |
_axi, 121 pages: _bcolored illustration; _c28cm. |
||
| 500 | _aBachelor of Science in Nursing. | ||
| 504 | _aIncludes bibliographical references and appendices. | ||
| 650 | _aTelehealth—Patient Satisfaction. | ||
| 650 | _aDigital Healthcare—Philippines. | ||
| 650 | _aCaring Behaviors in Telemedicine. | ||
| 700 | _aDatiles, Jaymee Lei G. | ||
| 700 | _aDe Los Reyes, Brendan Paolo Y. 8 | ||
| 700 | _aDoctolero, Kirsten A. | ||
| 700 | _aEscorion, beatrice B. | ||
| 942 |
_2lcc _cTH |
||
| 999 |
_c367167 _d367167 |
||